| 000 | 00979nam a2200253 a 4500 | ||
|---|---|---|---|
| 003 | 0 | ||
| 005 | 20250203104238.0 | ||
| 008 | 130830s19uu xx 00 eng d | ||
| 050 |
_aPGS QR 201.B3 _b.B216 2013 |
||
| 100 | _aBang, Jiwon (Paul). | ||
| 245 |
_aThe use of Listerine mouthwash and saltwater against bad breath-causing bacteria / _cJiwon Bang (Paul). |
||
| 260 |
_aLas PiƱas City, Philippines : _bSouthville International School and Colleges, _c2013. |
||
| 300 |
_a23 p. : _bill. ; _c28 cm. |
||
| 504 | _aIncludes bibliographical references. | ||
| 650 |
_aBad breath _vPrevention and treatment. |
||
| 650 |
_a Halitosis _vPrevention and treatment. |
||
| 650 |
_aSaltwater _vTherapeutic use. |
||
| 650 |
_aMouthwash _vBacterial effects. |
||
| 650 |
_aAntibacterial agents _vOral use. |
||
| 650 |
_aStreptomycin _vEffect on bacteria. |
||
| 650 |
_aMouthwash _vComparative effectiveness. |
||
| 650 |
_aAgar test _vBacterial growth inhibition. |
||
| 942 |
_2lcc _cPASS |
||
| 999 |
_c99063 _d99063 |
||